| 000 | 00331nam a2200133Ia 4500 | ||
|---|---|---|---|
| 005 | 20251222154437.0 | ||
| 008 | 251222s9999||||xx |||||||||||||| ||spa|| | ||
| 020 | _a84-206-5001-3 | ||
| 082 | _a868.56/P45/1994 | ||
| 100 | _a"Pérez Galdos, Benito" | ||
| 245 | 0 | _aTrafalgar: Episodios nacionales | |
| 250 | _a14a.ed. | ||
| 942 | _cLIB | ||
| 999 |
_c36645 _d36645 |
||